000 01446nam a22003857a 4500
003 CHAP
005 20220329140216.0
008 971013s1976 r 00010 d
010 _a48591
011 _a49563
035 _a53712
040 _cCHAP
090 _aTesis
100 0 0 _aRincón Valdés, Carlos Armando.
_997458
245 _aEfecto combinado de la fertilización nitrogenada y niveles de humedad en la producción de forraje del cultivo de avena (Avena sativa L.) en Apodaca, N. L. ciclo 1974-1975
260 _aMonterrey, N. L. :
_bEl autor,
_c1976
300 _a57 h.
_b; gráfs.
502 _aTesis (M. C. Esp. en Uso y Conservación del Agua) -- ITESM. División de Ciencias Agropecuarias y Marítimas
590 _aALEPH
_b10
_c20130110
_lUCH01
_h1320
590 _aBATCH-UPD
_b10
_c20130110
_lUCH01
_h0137
590 _aBATCH-UPD
_b10
_c20130110
_lUCH01
_h1915
590 _aBATCH-UPD
_b10
_c20130410
_lUCH01
_h1241
590 _aBATCH-UPD
_b10
_c20130914
_lUCH01
_h0432
590 _aBATCH-UPD
_b10
_c20130914
_lUCH01
_h2037
590 _aCONVERSION
_b10
_c20130109
_lUCH01
_h1327
650 1 4 _aAvena como forraje.
_98556
650 1 4 _aAvena
_xAgua requerida.
_98504
650 1 4 _aAvena
_xNuevo León.
_98536
650 1 4 _aFertilizantes nitrogenados.
_940596
650 1 4 _aFertilizantes para avena.
_940603
650 1 4 _aSuelos
_xHumedad.
_9110391
901 _aBK
942 _cTESIS
949 _bBC
_cTES
_d-118935
_eTS1
_i53712
_si
999 _c48591
_d48591